Historia política, social y económica de las edades media, moderna y contemporánea /

Guardado en:
Autor Principal: Monacelli, Gualterio
Formato: Libro
Publicado: Buenos Aires : El Ateneo, 1941
Materias:
Etiquetas: Agregar Etiqueta
Sin Etiquetas, Sea el primero en etiquetar este registro!
LEADER 00561nam a22001815a 4500
001 CEM.cems004486
005 20060216000000.0
008 130507s1941##################000#0#####d
003 CEMS
082 0 4 |a 930 
100 1 |a Monacelli, Gualterio 
245 1 0 |a Historia política, social y económica de las edades media, moderna y contemporánea / 
260 |a Buenos Aires :  |b El Ateneo,  |c 1941 
300 |a 198 p. 
653 |a Historia 
653 |a Historia 1er. año 
653 |a Historia antigua y medieval 
859 |a CEMS  |b BIB. CEMS - 11 de abril  |h 930  |i M74  |p 9969.81  |t Ej.1